Statistiques concernant Trouvez l'intrus ! - Histoire française

Cliquez ici pour prendre le quiz!

Statistiques générales

  • Ce quiz a été pris 6 332 fois
  • Le résultat moyen est 6 sur 15

Statistiques - réponses

QuestionRéponse% Correct
Batailles de la première Guerre mondialeBataille de Sedan
65%
Constructions de Gustave EiffelBasilique du Sacré Coeur
59%
Années au cours desquelles Paris s'est révolté1815
46%
Ecrivains du romantismeEmile Zola
45%
Présidents de la IIIème RépubliqueGeorges Clemenceau
44%
Fils de CharlemagnePépin le Bref
41%
Régentes de FranceMarie-Antoinette
40%
Provinces de l'Ancien RégimeSavoie
40%
Victoires napoléoniennesTrafalgar
40%
Plages du DébarquementIowa Beach
38%
Rois de FranceLouis XVII
37%
Dates notables de la Révolution Française8 octobre 1789
34%
Pays actuels ayant été (totalement ou partiellement) sous domination françaiseMozambique
33%
Guerres ayant opposé les Français et les AnglaisGuerre de Trente Ans
30%
Impôts de l'Ancien Régime prélevés par le roi ou le seigneurLa dîme
23%

Distribution des résultats

Percentile par nombre de réponses

% des personnes avec chaque résultat

Votre développement - résultats

Vous n’avez pas pris ce quiz